| 000 | 01841caa a22002771ib4500 | ||
|---|---|---|---|
| 003 | SA-RiAUC | ||
| 005 | 20250101084626.0 | ||
| 008 | 241221s2000 su g f00000 ara c | ||
| 040 |
_aSA-JeALM _bara _cSA-RiAUC _erda |
||
| 043 | _aa-su--- | ||
| 082 | 0 | 4 | _a220.9531 |
| 090 |
_a220.9531 _b ا ب و س |
||
| 100 | 1 |
_aأبو سليمان، عبد الوهاب إبراهيم محمد، _d1355-1444 هجري _eمؤلف. |
|
| 245 | 1 | 0 |
_aعناية المسلمين بالوقف خدمة للقرآن الكريم / _cعبد الوهاب بن إبراهيم أبو سليمان. |
| 264 |
_a[ المدينة المنورة ] : _bوزارة الشؤون الاسلامية والاوقاف . مجمع الملك فهد لطباعة المصحف الشريف . _c2000 |
||
| 300 |
_a62 صفحة ؛ _c24 سم |
||
| 336 |
_aنص _btxt _2rdacontent _3كتاب |
||
| 337 |
_aبدون وسيط _bn _2rdamedia |
||
| 338 |
_aمجلد _bnc _2rdacarrier |
||
| 580 | _aفي : بحوث ندوة عناية المملكة العربية السعودية بالقرآن الكريم وعلومه. | ||
| 630 | 2 | 7 |
_aالقرآن _xعلوم _zالسعودية _2aucut |
| 711 | 2 |
_aندوة عناية المملكة العربية السعودية بالقرآن الكريم وعلومه _d( 1421 هجري : _cالمدينة المنورة) |
|
| 773 | 0 |
_aندوة عناية المملكة العربية السعودية بالقرآن الكريم وعلومه ( 1421 هجري : المدينة المنورة). _tبحوث ندوة عناية المملكة العربية السعودية بالقرآن الكريم وعلومه / وزارة الشؤون الإسلامية والأوقاف والدعوة والإرشاد، مجمع الملك فهد لطباعة المصحف الشريف. |
|
| 942 |
_2ddc _cBOOK _n0 |
||
| 949 |
_aSA-JeALM _d241221 _uosman123 _n1 |
||
| 999 |
_c4299 _d4299 |
||